00799cam a22002531 45000010008000000030009000080050017000170080041000340100017000750250018000920350019001100400028001290420012001570500018001690820014001871000042002012450035002432600052002783000025003304900054003555040031004096000050004408300055004906577879BDDh-ASL20231015030440.0801020s1962 pk b 000 0beng  asa 64001445  aPL480:P-E-315 a(OCoLC)6842509 aDLCcNICdDLCdBDDh-ASL apremarc00aDS461.7b.H34 a954bHAP 1 aHaq, S. Moinulq(Syed Moinul),d1901-00aPrince Awrangzib :ba study /  aKarachi : bPakistan Historical Society,c1962. aix, 79 p. : c25 cm.1 aPakistan Historical Society. Publication,vno. 32 aBibliographical footnotes.00aAurangzeb,cEmperor of Hindustan,d1618-1707. 0aPakistan Historical Society publication ;vno. 32.